HTML and XHTML in 24 Hours /
Guía para aprender a programar en HTML y en XHTML para la creación y puesta en operación de sitios web; está diseñada en veinticuatro lecciones que deben tomarle más o menos una hora al lector. Contenido: Comprendiendo HTML y XHTML; Cree una página web de inmediato; Vinculación con otras páginas web...
Uloženo v:
| Hlavní autor: | |
|---|---|
| Další autoři: | |
| Médium: | Kniha |
| Jazyk: | angličtina |
| Vydáno: |
Indianápolis, EUA :
Sams,
2003, c2003
|
| Vydání: | 6a edición |
| Edice: | (Sams Teach Yourself)
|
| Témata: | |
| Tagy: |
Žádné tagy, Buďte první, kdo vytvoří štítek k tomuto záznamu!
|
MARC
| LEADER | 00000nam^a2200000^a^4500 | ||
|---|---|---|---|
| 001 | 000157823 | ||
| 005 | 20250521000000.0 | ||
| 009 | 20260310100552.889 | ||
| 020 | |a 0-672-32520-9 | ||
| 037 | |a Acervo ITESO - Biblioteca | ||
| 041 | |a ING | ||
| 082 | |a 005. 133 |b OLI | ||
| 100 | |a Oliver, Dick |e (autor) | ||
| 245 | 1 | 0 | |a HTML and XHTML in 24 Hours / |c D. Oliver, M. Morrison. |
| 250 | |a 6a edición | ||
| 264 | 4 | |a Indianápolis, EUA : |b Sams, |c 2003, c2003 | |
| 300 | |a XV, 475 p. + |e 1 disco compacto de computadora | ||
| 336 | |a texto |b txt |2 rdacontenido | ||
| 337 | |a sin mediación |b n |2 rdamedio | ||
| 338 | |a volumen |b nc |2 rdasoporte | ||
| 440 | 1 | |a (Sams Teach Yourself) | |
| 520 | |a Guía para aprender a programar en HTML y en XHTML para la creación y puesta en operación de sitios web; está diseñada en veinticuatro lecciones que deben tomarle más o menos una hora al lector. Contenido: Comprendiendo HTML y XHTML; Cree una página web de inmediato; Vinculación con otras páginas web; Publicación de sus páginas HTML; Alineación y formato básico del texto; Formato avanzado del texto; Creación de vínculos de texto; Creación de gráficos de página de web propios; Poniendo gráficos en una página web; Personalización de fondos y colores; Vínculos gráficos y mapas de imágenes; Diseño y boceto de una página; Boceto avanzado con tablas; Formato de páginas con hojas de estilo; Sacándole provecho a las hojas de estilo; Boceto multi-página con marcos; Scripts de páginas web para no programadores; Poniendo movimiento a las páginas con Dynamic HTML; Reunión de información con formularios HTML; Incrustación de multimedia en páginas web; Organización y administración de un sitio web; Ayudar a la gente a que localice su página web; Uso de XML para la descripción de los datos; Planeación para el futuro de HTML; Apéndices: Preguntas más frecuentes de los lectores; Recursos de Internet sobre HTML; Referencia rápida completa de HTML 4 y XHTML 1; Migración de HTML a XHTML. | ||
| 649 | |a XX | ||
| 650 | |a Gráficas por Computadora | ||
| 650 | |a Manipulación de Sonido por Computadora | ||
| 650 | |a Manipulación de Imagen por Computadora | ||
| 650 | |a Animación por Computadora | ||
| 650 | |a Multimedia | ||
| 650 | |a Diseño Asistido por Computadora | ||
| 650 | |a Páginas en Línea - |x Diseño y Construcción | ||
| 650 | |a Páginas en Línea - |x Administración | ||
| 650 | |a Interfaz Gráfica de Usuario | ||
| 650 | |a Interfaz de Usuario | ||
| 650 | |a Internet | ||
| 650 | |a Redes de Computadoras | ||
| 650 | |a Comunicación en Red | ||
| 650 | |a Telecomunicaciones | ||
| 650 | |a Hipertexto | ||
| 650 | |a Lenguajes de Programación | ||
| 650 | |a Programación (Software) | ||
| 650 | |a Desarrollo de Sistemas | ||
| 650 | |a Sistemas Computacionales | ||
| 650 | |a Ingeniería Computacional | ||
| 700 | |a Morrison, Michael |e (autor) | ||
| 700 | |a Morrison, Michael |e (autor) | ||
| 910 | |a Fondo General | ||
| 920 | |a Impresos - Libros | ||
| 930 | |a Colección General | ||
| 905 | |a 101 | ||
| 901 | |a 0500087369 |b IT1 |c ACC |u 20250521 | ||
| 902 | |a https://opac.biblio.iteso.mx/vufind/Record/000157823 | ||